English As A Foreign Language:Grammar & Syntax For Teachers And Advanced Student (Record no. 354443)

MARC details
000 -LEADER
fixed length control field 004210000a22001570004500
005 - DATE AND TIME OF LATEST TRANSACTION
control field 20120302061624.0
040 ## - CATALOGING SOURCE
Original cataloging agency ENG
100 ## - MAIN ENTRY--PERSONAL NAME
Personal name Close,R.A.
245 ## - TITLE STATEMENT
Title English As A Foreign Language:Grammar & Syntax For Teachers And Advanced Student
260 ## - PUBLICATION, DISTRIBUTION, ETC. (IMPRINT)
Place of publication, distribution, etc London:George Allen & Unwin Ltd.,1968.
300 ## - PHYSICAL DESCRIPTION
Extent 177p.
650 ## - SUBJECT ADDED ENTRY--TOPICAL TERM
Topical term or geographic name as entry element Language
650 ## - SUBJECT ADDED ENTRY--TOPICAL TERM
Topical term or geographic name as entry element English Language
650 ## - SUBJECT ADDED ENTRY--TOPICAL TERM
Topical term or geographic name as entry element Grammer-Exercise
942 ## - ADDED ENTRY ELEMENTS (KOHA)
Koha item type Book
Holdings
Withdrawn status Lost status Damaged status Not for loan Home library Current library Date acquired Total Checkouts Barcode Date last seen Price effective from
        Institute For Oriental Study, Thane Institute For Oriental Study, Thane 12/02/2009   IOS-13486 12/02/2009 12/02/2009